000 00309nam a2200121Ia 4500
008 191201s1998 xx 000 0 und d
100 _aSHARMA, Shri Ram
245 0 _aDharamtatv Ka Darsan V Marm
260 _aN. delhi
_bAkhand Jyoti Mathura
_c1998
300 _aNULL
650 _aGeneral Books
942 _2ddc
_cBK
999 _c745
_d745